00600nas a22002057i 45000010005000000030004000050050017000090070003000260080041000290220014000700220014000840240014000980240020001120400008001321100039001402450082001792600061002615000016003228560056003385889OSt20180926161308.0tu161220s2000 xxu||||| |||| 00| 0 d a1683-0121 a1012-99797 a58892RID7 a58892RSN (alt) cOSt2 aBank for International Settlements00aBIS Quarterly ReviewbInternational Banking and Financial Market Developments aBasel :bBank for International Settlements,c2000-2016.00awww.bis.org uhttps://www.bis.org/publ/qtrpdf/r_qt1503.htm?m=5|25